| 000 | 00695nam a2200181 a 4500 | ||
|---|---|---|---|
| 005 | 20140310183209.0 | ||
| 008 | 030207s19uu xx 00 eng d | ||
| 020 | _a0440228360 | ||
| 050 |
_aPZ 7 _b.C94137 1999 |
||
| 100 | _aCurtis, Christopher Paul | ||
| 245 |
_aThe Watson's go to Birmingham 1963 / _cChristopher Paul Curtis. |
||
| 260 |
_aNew York : _bBantam Doubleday, _c1999. |
||
| 300 |
_a210 p. : _c18cm. |
||
| 520 | _aThe ordinary interaction and everyday routines of the Watsons, an African American family living in Flint, Michigan are drastically changed after they go to visit Grandma in Alabama in the summer of 1963 | ||
| 650 | _aFiction. | ||
| 942 |
_cBK _2lcc |
||
| 999 |
_c20078 _d20078 |
||